UK Trains Tile Quiz - Statistics

General Stats
  • This quiz has been taken 308 times
  • The average score is 32 of 45
Answer Stats
Question Tile Select % Correct
Hitachi A-train unit names Azuma Yes
92%
Hitachi A-train unit names Civity No
91%
Operators that have had HST (InterCity 125) trains in the last 10 years Heathrow Express No
88%
Operators that have had HST (InterCity 125) trains in the last 10 years London Northwestern Railway No
88%
Hitachi A-train unit names Desiro No
87%
Hitachi A-train unit names Adelante No
86%
Trains that Northern operate Class 802 No
86%
Trains that Northern operate Class 91 No
86%
Operators that have had HST (InterCity 125) trains in the last 10 years Southeastern No
86%
Operators that have had HST (InterCity 125) trains in the last 10 years Transpennine Express No
86%
Trains that Northern operate Class 444 No
85%
Trains that Northern operate Class 700 No
83%
Operators that have had HST (InterCity 125) trains in the last 10 years Great Western Railway Yes
83%
Trains that Great Western Railway operate Class 321 No
82%
Trains that Great Western Railway operate Class 755 No
82%
Trains that Northern operate Class 158 Yes
79%
Stations served by a sleeper train Inverness Yes
77%
Stations served by a sleeper train London Paddington Yes
77%
Stations served by a sleeper train Cardiff Central No
76%
Trains that Northern operate Class 387 No
75%
Operators that have had HST (InterCity 125) trains in the last 10 years CrossCountry Yes
75%
Operators that have had HST (InterCity 125) trains in the last 10 years ScotRail Yes
75%
Trains that Great Western Railway operate Class 800 Yes
74%
Stations served by a sleeper train Newcastle No
74%
Trains that Northern operate Class 195 Yes
73%
Operators that have had HST (InterCity 125) trains in the last 10 years East Midlands Railway Yes
72%
Stations served by a sleeper train Birmingham New Street No
70%
Trains that Great Western Railway operate Class 150 Yes
70%
Trains that Great Western Railway operate Class 158 Yes
70%
Trains that Northern operate Class 170 Yes
70%
Operators that have had HST (InterCity 125) trains in the last 10 years London North Eastern Railway Yes
65%
Trains that Great Western Railway operate Class 156 No
64%
Trains that Great Western Railway operate Class 165 Yes
64%
Stations served by a sleeper train London King's Cross No
64%
Stations served by a sleeper train Plymouth Yes
64%
Trains that Great Western Railway operate Class 378 No
63%
Trains that Northern operate Class 333 Yes
59%
Stations served by a sleeper train Dundee Yes
56%
Hitachi A-train unit names Nova 1 Yes
53%
Hitachi A-train unit names Aurora Yes
52%
Hitachi A-train unit names Paragon Yes
51%
Stations served by a sleeper train Reading Yes
50%
Hitachi A-train unit names Evero Yes
47%
Hitachi A-train unit names Javelin Yes
45%
Trains that Great Western Railway operate Class 57 Yes
42%
No matching quizzes found
Score Distribution
Percent of People with Each Score
Percentile by Number Answered
Your Score History
You have not taken this quiz